| 000 | 00536nam a2200181Ia 4500 | ||
|---|---|---|---|
| 003 | IN-BaIIA | ||
| 005 | 20250702143618.0 | ||
| 008 | 211028s9999 xx 000 0 eng d | ||
| 020 | _a0-7923-1261-9 | ||
| 040 | _cIIA Library | ||
| 080 |
_a52(082.1) _bASS-172 |
||
| 100 |
_aSomor, Boris V _917701 |
||
| 245 | 0 |
_aPhysical Process in solar flares _cBoris V Somor |
|
| 260 |
_aDordrecht, _bKluwer Academic _c1992 |
||
| 300 | _aviii, 249p. | ||
| 650 |
_aSolar Flares _94046 |
||
| 942 |
_cBK _2ddc |
||
| 999 |
_c12078 _d12078 |
||